Statistiques concernant Les acteurs français ayant incarné des policiers au cinéma

Cliquez ici pour prendre le quiz!

Statistiques générales

  • Ce quiz a été pris 235 fois
  • Le résultat moyen est 10 sur 18

Statistiques - réponses

IndicesActeur% Correct
Inspecteur Michel Clément - "Inspecteur la bavure" - 1980Coluche
86%
Commissaire Juve - "Fantômas" - 1964Louis de Funès
84%
Commissaire Joss - "Le pacha" - 1968Jean Gabin
79%
Commissaire Borowitz - "Flic ou voyou" - 1979Jean-Paul Belmondo
79%
Gardien Robert Pinot - "Pinot simple flic" - 1984Gérard Jugnot
73%
Inspecteur René Boisrond - "Les ripoux" - 1984Philippe Noiret
70%
Commissaire Édouard Coleman - "Un flic" - 1972Alain Delon
60%
Commissaire Pierre Niemans - "Les rivières pourpres" - 2000Jean Reno
60%
Inspecteur Marc Ferrot - "Police python 357"- 1976Yves Montand
58%
Commissaire François Mattei - "Le cercle rouge" - 1970Bourvil
57%
Commissaire Léo Vrinks - "36 quai des Orfèvres" - 2004Daniel Auteuil
50%
Inspecteur Simon Atlan - "L'union sacrée" - 1989Patrick Bruel
49%
Inspecteur Jean Lavardin - "Poulet au vinaigre" - 1985Jean Poiret
46%
Inspecteur Corinne Levasseur - "La femme flic" - 1980Miou-Miou
34%
Inspecteur principal Marceau Leonetti - "Dernier domicile connu" - 1970Lino Ventura
30%
Inspecteur Mangin- "Police" - 1985Gérard Depardieu
28%
Commissaire Lechat - "Le chat et la souris" - 1975Serge Reggiani
10%
Commissaire Duché - "Le grand pardon" - 1982Jean-Louis Trintignant
9%

Distribution des résultats

Percentile par nombre de réponses

% des personnes avec chaque résultat

Votre développement - résultats

Vous n’avez pas pris ce quiz